[Event "Bundesliga 9596"]
[Site "Deutschland"]
[Date "1995.??.??"]
[Round "?.2"]
[White "Ftacnik, Lubomir"]
[Black "Palkovi, Jozsef"]
[Result "1/2-1/2"]
[WhiteElo "2580"]
[BlackElo "2470"]
[PlyCount "67"]
[EventDate "1995.10.??"]
[EventType "team"]
[EventRounds "15"]
[EventCountry "GER"]
[SourceTitle "Bundesliga 9596"]
[Source "DeepChess"]
[SourceDate "2005.01.01"]
[SourceVersion "1"]
[SourceVersionDate "2005.01.01"]
[SourceQuality "1"]
[WhiteTeam "Hamburger SK 1830 e.V."]
[BlackTeam "SV Tuebingen 1870 e.V."]
[WhiteTeamCountry "GER"]
[BlackTeamCountry "GER"]

1. d4 Nf6 2. Nf3 e6 3. c4 c5 4. Nc3 cxd4 5. Nxd4 Bb4 6. g3 O-O 7. Bg2 d5 8. Qb3
Bxc3+ 9. bxc3 Nc6 10. cxd5 Na5 11. Qc2 Nxd5 12. Ba3 Re8 13. Qd3 Bd7 14. Nf5
exf5 15. Bxd5 Bc6 16. Rd1 Bxd5 17. Qxd5 Qc7 18. Bb4 Nc4 19. Qxf5 Rad8 20. O-O
a5 21. Bc5 Nd2 22. Rfe1 g6 23. Qc2 Qxc5 24. Rxd2 Rc8 25. Rb1 Re7 26. a4 Qa3 27.
Rd3 Rc4 28. Qd2 Qxa4 29. Rd8+ Kg7 30. Qd6 Rce4 31. e3 Qc6 32. Qxc6 bxc6 33. Ra8
Rc4 34. Rb3 1/2-1/2

[Event "Bundesliga 9596"]
[Site "Deutschland"]
[Date "1995.??.??"]
[Round "?.3"]
[White "Kraut, Rainer"]
[Black "Movsziszian, Karen"]
[Result "1/2-1/2"]
[WhiteElo "2415"]
[BlackElo "2440"]
[PlyCount "102"]
[EventDate "1995.10.??"]
[EventType "team"]
[EventRounds "15"]
[EventCountry "GER"]
[SourceTitle "Bundesliga 9596"]
[Source "DeepChess"]
[SourceDate "2005.01.01"]
[SourceVersion "1"]
[SourceVersionDate "2005.01.01"]
[SourceQuality "1"]
[WhiteTeam "SV Tuebingen 1870 e.V."]
[BlackTeam "Hamburger SK 1830 e.V."]
[WhiteTeamCountry "GER"]
[BlackTeamCountry "GER"]

1. e4 g6 2. d4 Bg7 3. Nc3 d6 4. Nf3 Nf6 5. h3 O-O 6. Be3 a6 7. a4 b6 8. Bc4 e6
9. O-O Bb7 10. e5 Nfd7 11. exd6 cxd6 12. Be2 Bxf3 13. Bxf3 d5 14. Ne2 Qc8 15.
Qd3 Nc6 16. Rfc1 b5 17. axb5 axb5 18. Qxb5 Rb8 19. Qa6 Rxb2 20. Qxc8 Rxc8 21.
c4 Nb6 22. cxd5 exd5 23. Bg4 f5 24. Bf3 Ne7 25. Rxc8+ Nexc8 26. Nf4 Ne7 27. Ra7
Bf6 28. Rb7 Rb4 29. Bd2 Rb5 30. g3 Kf8 31. Kg2 Ke8 32. Ne6 Rb2 33. Bc1 Rc2 34.
Bf4 Rc6 35. Rb8+ Nbc8 36. Nc7+ Kd8 37. Nxd5 Nxd5 38. Bxd5 Rb6 39. Rxb6 Nxb6 40.
Bg8 Ke7 41. Be3 Nc8 42. Kf3 Nd6 43. Ke2 h6 44. h4 g5 45. h5 Ne8 46. f3 f4 47.
gxf4 gxf4 48. Bxf4 Bxd4 49. Bxh6 Ng7 50. Kd3 Bb2 51. Bg5+ Kf8 1/2-1/2

[Event "Bundesliga 9596"]
[Site "Deutschland"]
[Date "1995.??.??"]
[Round "?.4"]
[White "Mueller, Karsten"]
[Black "Zeller, Frank"]
[Result "1-0"]
[WhiteElo "2480"]
[BlackElo "2400"]
[PlyCount "81"]
[EventDate "1995.10.??"]
[EventType "team"]
[EventRounds "15"]
[EventCountry "GER"]
[SourceTitle "Bundesliga 9596"]
[Source "DeepChess"]
[SourceDate "2005.01.01"]
[SourceVersion "1"]
[SourceVersionDate "2005.01.01"]
[SourceQuality "1"]
[WhiteTeam "Hamburger SK 1830 e.V."]
[BlackTeam "SV Tuebingen 1870 e.V."]
[WhiteTeamCountry "GER"]
[BlackTeamCountry "GER"]

1. e4 c5 2. Nf3 e6 3. d4 cxd4 4. Nxd4 a6 5. Bd3 Nf6 6. O-O Qc7 7. Qe2 d6 8. c4
g6 9. Kh1 Bg7 10. f4 Nbd7 11. Nf3 b6 12. Nc3 Bb7 13. f5 O-O 14. Bg5 Rfe8 15.
Qd2 Nc5 16. Rae1 Nxd3 17. Qxd3 exf5 18. exf5 Rxe1 19. Rxe1 Ng4 20. Bh4 Rc8 21.
Nd5 Qxc4 22. Ne7+ Kh8 23. Qxd6 Ra8 24. f6 Bh6 25. Bg3 Ne3 26. Ne5 Qxa2 27. Qxb6
Bxg2+ 28. Kg1 Bd5 29. Rxe3 Be6 30. Re1 Bd2 31. Rd1 Ba5 32. Qb7 Re8 33. Qc6 Rf8
34. Qd6 Re8 35. Qa3 Bb6+ 36. Bf2 Bxf2+ 37. Kxf2 Rb8 38. Qxa2 Bxa2 39. Rd2 h6
40. N7c6 Re8 41. Rd8 1-0

[Event "Bundesliga 9596"]
[Site "Deutschland"]
[Date "1995.??.??"]
[Round "?.5"]
[White "Hess, Ralf"]
[Black "Michaelsen, Nils"]
[Result "1-0"]
[WhiteElo "2400"]
[BlackElo "2425"]
[PlyCount "75"]
[EventDate "1995.10.??"]
[EventType "team"]
[EventRounds "15"]
[EventCountry "GER"]
[SourceTitle "Bundesliga 9596"]
[Source "DeepChess"]
[SourceDate "2005.01.01"]
[SourceVersion "1"]
[SourceVersionDate "2005.01.01"]
[SourceQuality "1"]
[WhiteTeam "SV Tuebingen 1870 e.V."]
[BlackTeam "Hamburger SK 1830 e.V."]
[WhiteTeamCountry "GER"]
[BlackTeamCountry "GER"]

1. d4 Nf6 2. c4 g6 3. Nc3 d5 4. Nf3 Bg7 5. Bg5 Ne4 6. Bh4 Nxc3 7. bxc3 c5 8. e3
Nc6 9. cxd5 Qxd5 10. Be2 O-O 11. O-O b6 12. Ng5 cxd4 13. Bf3 Qd7 14. cxd4 Bb7
15. Rc1 Rac8 16. Bg4 f5 17. Qb3+ Kh8 18. Bf3 Bf6 19. Ne6 Rfe8 20. Bxf6+ exf6
21. Bxc6 Rxc6 22. Nf4 g5 23. Nh5 Rec8 24. Rxc6 Qxc6 25. f3 Qc4 26. Nxf6 Qxb3
27. axb3 Kg7 28. Nh5+ Kg6 29. Ng3 Rc3 30. e4 fxe4 31. fxe4 Rxb3 32. Rc1 a5 33.
Rc7 Rxg3 34. hxg3 Bxe4 35. Re7 Bd5 36. Re5 Bc4 37. d5 b5 38. d6 1-0

[Event "Bundesliga 9596"]
[Site "Deutschland"]
[Date "1995.??.??"]
[Round "?.6"]
[White "Maus, Soenke"]
[Black "Werner, Marc"]
[Result "1/2-1/2"]
[WhiteElo "2425"]
[BlackElo "2365"]
[PlyCount "97"]
[EventDate "1995.10.??"]
[EventType "team"]
[EventRounds "15"]
[EventCountry "GER"]
[SourceTitle "Bundesliga 9596"]
[Source "DeepChess"]
[SourceDate "2005.01.01"]
[SourceVersion "1"]
[SourceVersionDate "2005.01.01"]
[SourceQuality "1"]
[WhiteTeam "Hamburger SK 1830 e.V."]
[BlackTeam "SV Tuebingen 1870 e.V."]
[WhiteTeamCountry "GER"]
[BlackTeamCountry "GER"]

1. e4 c5 2. Nc3 Nc6 3. g3 g6 4. Bg2 Bg7 5. d3 d6 6. Nge2 Rb8 7. O-O b5 8. f4 e6
9. e5 Nge7 10. exd6 Qxd6 11. Ne4 Qc7 12. c3 Na5 13. Be3 Nb7 14. a4 Nd5 15. Bf2
f5 16. Ng5 h6 17. Nf3 a6 18. axb5 axb5 19. Nh4 Kf7 20. d4 c4 21. g4 Nd6 22. h3
Bb7 23. Qd2 Nf6 24. Bxb7 Rxb7 25. Nf3 Nde4 26. Qe1 Nd5 27. Ne5+ Bxe5 28. dxe5
b4 29. Bd4 bxc3 30. bxc3 Rhb8 31. Qh4 Kg7 32. gxf5 gxf5 33. Kh1 Kh7 34. Rg1 Qf7
35. Kh2 Rg8 36. Rxg8 Qxg8 37. Rg1 Rg7 38. Rxg7+ Qxg7 39. Qe1 Qb7 40. Qa1 Qg7
41. Qa6 Nxf4 42. Nxf4 Qg3+ 43. Kh1 Qxf4 44. Qxe6 Qf3+ 45. Kg1 Qg3+ 46. Kh1
Qxh3+ 47. Kg1 Qg3+ 48. Kh1 Qf3+ 49. Kg1 1/2-1/2

[Event "Bundesliga 9596"]
[Site "Deutschland"]
[Date "1995.??.??"]
[Round "?.7"]
[White "Dutschak, Hauke"]
[Black "Heinemann, Thies"]
[Result "0-1"]
[WhiteElo "2260"]
[BlackElo "2410"]
[PlyCount "126"]
[EventDate "1995.10.??"]
[EventType "team"]
[EventRounds "15"]
[EventCountry "GER"]
[SourceTitle "Bundesliga 9596"]
[Source "DeepChess"]
[SourceDate "2005.01.01"]
[SourceVersion "1"]
[SourceVersionDate "2005.01.01"]
[SourceQuality "1"]
[WhiteTeam "SV Tuebingen 1870 e.V."]
[BlackTeam "Hamburger SK 1830 e.V."]
[WhiteTeamCountry "GER"]
[BlackTeamCountry "GER"]

1. e4 c5 2. c3 d5 3. exd5 Qxd5 4. d4 e6 5. Nf3 Nf6 6. Na3 Qd8 7. Nc4 Nc6 8. Be3
Nd5 9. Qa4 Bd7 10. Qb3 cxd4 11. Bxd4 Nxd4 12. Nxd4 Bc5 13. Rd1 Qc7 14. Be2 Nb6
15. O-O Ba4 16. Nxb6 Bxb3 17. Nxa8 Qe5 18. Bb5+ Ke7 19. Rde1 Qg5 20. h4 Qh5 21.
Nxb3 Bd6 22. Nd4 Rxa8 23. g3 Bc5 24. Ba4 Bxd4 25. cxd4 Rd8 26. Rd1 Qg4 27. Kg2
Qe2 28. Rfe1 Qxb2 29. Rb1 Qxd4 30. Rxb7+ Kf6 31. Bb3 Rd5 32. Re3 Rf5 33. Bc2
Qd5+ 34. Be4 Qxa2 35. Bxf5 exf5 36. Ree7 a5 37. Ra7 g6 38. Red7 f4 39. gxf4 a4
40. Rd4 a3 41. Rd3 Kg7 42. Raxa3 Qc4 43. Kg3 h5 44. Rac3 Qe6 45. f3 Qe1+ 46.
Kg2 Qxh4 47. Rc4 Kh6 48. Re3 Qd8 49. Rce4 f5 50. Re6 Qd2+ 51. Kh1 h4 52. Re2
Qc1+ 53. Re1 Qxf4 54. Rg1 Qxf3+ 55. Kh2 Qh5 56. Kh3 Qf3+ 57. Kh2 Qh5 58. Kh3 f4
59. Rf6 Qf3+ 60. Kh2 Qe4 61. Kh3 Kh5 62. Rf8 Qe5 63. Rg2 g5 0-1

[Event "Bundesliga 9596"]
[Site "Deutschland"]
[Date "1995.??.??"]
[Round "?.8"]
[White "Wegner, Hannu"]
[Black "Von Naso, Lancelot"]
[Result "1-0"]
[WhiteElo "2355"]
[BlackElo "2110"]
[PlyCount "70"]
[EventDate "1995.10.??"]
[EventType "team"]
[EventRounds "15"]
[EventCountry "GER"]
[SourceTitle "Bundesliga 9596"]
[Source "DeepChess"]
[SourceDate "2005.01.01"]
[SourceVersion "1"]
[SourceVersionDate "2005.01.01"]
[SourceQuality "1"]
[WhiteTeam "Hamburger SK 1830 e.V."]
[BlackTeam "SV Tuebingen 1870 e.V."]
[WhiteTeamCountry "GER"]
[BlackTeamCountry "GER"]

1. d4 Nf6 2. c4 e6 3. Nf3 c5 4. e3 b6 5. Nc3 cxd4 6. exd4 d6 7. Bd3 Be7 8. O-O
O-O 9. Re1 Bb7 10. a3 d5 11. cxd5 Nxd5 12. Bc2 Nd7 13. Qd3 N7f6 14. Bg5 g6 15.
Bh6 Re8 16. Ba4 Nd7 17. Nxd5 Bxd5 18. Ne5 Nxe5 19. dxe5 Bg5 20. Bxe8 Bxh6 21.
Ba4 Qh4 22. Bb3 Rd8 23. Rad1 Kg7 24. Bxd5 Rxd5 25. Qf3 Rc5 26. Rd7 Qf4 27. Qxf4
Bxf4 28. b4 Rc2 29. g3 Bd2 30. Re2 Rc1+ 31. Kg2 Bc3 32. Rxa7 Ra1 33. Re3 Bxb4
34. Rf3 Kh6 35. h4 Bc5 1-0

[Event "Bundesliga 9596"]
[Site "Deutschland"]
[Date "1996.??.??"]
[Round "?.1"]
[White "Khalifman, Alexander"]
[Black "Hertneck, Gerald"]
[Result "1/2-1/2"]
[WhiteElo "2650"]
[BlackElo "2575"]
[PlyCount "124"]
[EventDate "1995.10.??"]
[EventType "team"]
[EventRounds "15"]
[EventCountry "GER"]
[SourceTitle "Bundesliga 9596"]
[Source "DeepChess"]
[SourceDate "2005.01.01"]
[SourceVersion "1"]
[SourceVersionDate "2005.01.01"]
[SourceQuality "1"]
[WhiteTeam "PSV Turm Duisburg 1920 e.V."]
[BlackTeam "Muenchener SC 1836 e.V."]
[WhiteTeamCountry "GER"]
[BlackTeamCountry "GER"]

1. d4 Nf6 2. Nf3 e6 3. c4 Bb4+ 4. Nbd2 b6 5. e3 Bb7 6. Bd3 O-O 7. O-O d5 8. a3
Be7 9. cxd5 exd5 10. b4 Nbd7 11. Bb2 c5 12. dxc5 bxc5 13. Rb1 Rc8 14. Bf5 g6
15. Bxd7 Nxd7 16. Nb3 Ba6 17. Re1 c4 18. Nbd4 c3 19. Ba1 Nf6 20. b5 Bb7 21. Ne5
Bxa3 22. Ndc6 Qd6 23. Bxc3 Ne4 24. Ba1 f6 25. f3 fxe5 26. fxe4 Bxc6 27. bxc6
Qxc6 28. exd5 Qc2 29. Qxc2 Rxc2 30. Bxe5 Bc5 31. Rbd1 Kf7 32. Bd4 Bxd4 33. Rxd4
Ke7 34. Ra1 Rff2 35. Rxa7+ Kd6 36. Ra6+ Kd7 37. Rg4 Rfe2 38. h3 Rxe3 39. Rh4
Re7 40. d6 Re1+ 41. Kh2 h5 42. Rf4 Rc6 43. Rxc6 Kxc6 44. Rf6 g5 45. Rf5 Kxd6
46. Rxg5 Re5 47. Rg6+ Ke7 48. Kg3 Kf7 49. Kf4 Re2 50. Rg5 Kf6 51. h4 Rf2+ 52.
Ke4 Re2+ 53. Kf3 Re5 54. Kf4 Re2 55. g3 Rf2+ 56. Ke4 Re2+ 57. Kd4 Re7 58. Kd5
Re3 59. Kd4 Re7 60. Rg8 Re1 61. Rf8+ Kg6 62. Kd3 Re6 1/2-1/2

[Event "Bundesliga 9596"]
[Site "Deutschland"]
[Date "1996.??.??"]
[Round "?.3"]
[White "Keitlinghaus, Ludger"]
[Black "Pezerovic, Edin"]
[Result "1/2-1/2"]
[WhiteElo "2475"]
[BlackElo "2405"]
[PlyCount "59"]
[EventDate "1995.10.??"]
[EventType "team"]
[EventRounds "15"]
[EventCountry "GER"]
[SourceTitle "Bundesliga 9596"]
[Source "DeepChess"]
[SourceDate "2005.01.01"]
[SourceVersion "1"]
[SourceVersionDate "2005.01.01"]
[SourceQuality "1"]
[WhiteTeam "PSV Turm Duisburg 1920 e.V."]
[BlackTeam "Muenchener SC 1836 e.V."]
[WhiteTeamCountry "GER"]
[BlackTeamCountry "GER"]

1. e4 c6 2. d4 d5 3. exd5 cxd5 4. Bd3 Nc6 5. c3 Nf6 6. h3 e5 7. dxe5 Nxe5 8.
Nf3 Nxd3+ 9. Qxd3 Be7 10. Be3 O-O 11. Nbd2 b6 12. O-O Bb7 13. Nd4 Ne4 14. Nf5
Bf6 15. Bd4 Qc8 16. Qf3 Qe6 17. Rad1 Ba6 18. Bxf6 Qxf6 19. Rfe1 Rae8 20. Ne3
Qg6 21. Qg4 Nf6 22. Qxg6 fxg6 23. Nf3 Bb7 24. Nd4 Re7 25. Ng4 Rfe8 26. Rxe7
Rxe7 27. Ne3 Kf8 28. h4 Kf7 29. Ne2 Ng4 30. Nd4 1/2-1/2

[Event "Bundesliga 9596"]
[Site "Deutschland"]
[Date "1996.??.??"]
[Round "?.4"]
[White "Sandor, Christian"]
[Black "Enders, Peter"]
[Result "1-0"]
[WhiteElo "2380"]
[BlackElo "2495"]
[PlyCount "101"]
[EventDate "1995.10.??"]
[EventType "team"]
[EventRounds "15"]
[EventCountry "GER"]
[SourceTitle "Bundesliga 9596"]
[Source "DeepChess"]
[SourceDate "2005.01.01"]
[SourceVersion "1"]
[SourceVersionDate "2005.01.01"]
[SourceQuality "1"]
[WhiteTeam "Muenchener SC 1836 e.V."]
[BlackTeam "PSV Turm Duisburg 1920 e.V."]
[WhiteTeamCountry "GER"]
[BlackTeamCountry "GER"]

1. e4 e6 2. d4 d5 3. e5 c5 4. c3 Nc6 5. Nf3 Bd7 6. Be2 cxd4 7. cxd4 Nge7 8. Na3
Nf5 9. Nc2 Be7 10. O-O O-O 11. g4 Nh4 12. Nxh4 Bxh4 13. f4 f6 14. exf6 Bxf6 15.
Be3 g6 16. Qd2 Qb6 17. b3 Rac8 18. Rf3 Rc7 19. Raf1 Rfc8 20. Bd1 a5 21. Rh3 Nb4
22. Nxb4 Qxb4 23. Qf2 Rc3 24. Kh1 Bxd4 25. Qh4 Qb5 26. Qxh7+ Kf8 27. Kg2 Rxe3
28. Rxe3 Bxe3 29. Qh8+ Ke7 30. Qg7+ Kd8 31. Qf6+ Kc7 32. Qe5+ Kb6 33. Qxe3+ Qc5
34. Qxc5+ Kxc5 35. Bc2 Rg8 36. Kg3 Kd6 37. Re1 Be8 38. h4 Rg7 39. Kf3 Rc7 40.
Bd3 Bf7 41. Re5 Ke7 42. Rg5 Kf6 43. h5 gxh5 44. gxh5 a4 45. h6 e5 46. Rxe5 axb3
47. axb3 Rc3 48. Rf5+ Ke6 49. h7 Rc8 50. Kg4 Ke7 51. Kg5 1-0

[Event "Bundesliga 9596"]
[Site "Deutschland"]
[Date "1996.??.??"]
[Round "?.5"]
[White "Thesing, Matthias"]
[Black "Riedel, Wolfgang"]
[Result "1-0"]
[WhiteElo "2415"]
[BlackElo "2350"]
[PlyCount "121"]
[EventDate "1995.10.??"]
[EventType "team"]
[EventRounds "15"]
[EventCountry "GER"]
[SourceTitle "Bundesliga 9596"]
[Source "DeepChess"]
[SourceDate "2005.01.01"]
[SourceVersion "1"]
[SourceVersionDate "2005.01.01"]
[SourceQuality "1"]
[WhiteTeam "PSV Turm Duisburg 1920 e.V."]
[BlackTeam "Muenchener SC 1836 e.V."]
[WhiteTeamCountry "GER"]
[BlackTeamCountry "GER"]

1. e4 e5 2. Nf3 Nc6 3. Nc3 Nf6 4. d4 exd4 5. Nxd4 Bb4 6. Nxc6 bxc6 7. Bd3 d5 8.
exd5 Qe7+ 9. Qe2 Qxe2+ 10. Kxe2 cxd5 11. Nb5 Kd8 12. Rd1 c6 13. Nd4 Bg4+ 14. f3
Bd7 15. c4 Re8+ 16. Kf1 h6 17. Bd2 Bd6 18. Rac1 c5 19. Ba5+ Ke7 20. Nf5+ Bxf5
21. Bxf5 d4 22. g3 Kf8 23. Re1 Rab8 24. b3 g6 25. Bh3 h5 26. Bd2 Kg7 27. Rxe8
Rxe8 28. Re1 Rb8 29. Bg5 Rb6 30. Ke2 Ra6 31. Ra1 Rb6 32. Kd3 Nh7 33. Bd2 Nf6
34. f4 Ng4 35. Bxg4 hxg4 36. Re1 Rb8 37. Ke4 Rd8 38. Ba5 f5+ 39. Kd3 Rh8 40.
Re6 Bf8 41. Re2 Kf7 42. b4 Bd6 43. a3 Rb8 44. bxc5 Bxc5 45. Bb4 Bxb4 46. axb4
Rxb4 47. Ra2 Rb7 48. Kxd4 Rd7+ 49. Ke5 Rc7 50. Kd5 Ke8 51. c5 Kd8 52. Ra6 Rh7
53. Rxg6 Rxh2 54. Rg8+ Kc7 55. Rg7+ Kb8 56. Kd6 Rd2+ 57. Kc6 a5 58. Rb7+ Ka8
59. Rb5 Ra2 60. Kb6 a4 61. Kc7 1-0

[Event "Bundesliga 9596"]
[Site "Deutschland"]
[Date "1996.??.??"]
[Round "?.6"]
[White "Reich, Thomas"]
[Black "Pirrot, Dieter"]
[Result "1/2-1/2"]
[WhiteElo "2400"]
[BlackElo "2405"]
[PlyCount "86"]
[EventDate "1995.10.??"]
[EventType "team"]
[EventRounds "15"]
[EventCountry "GER"]
[SourceTitle "Bundesliga 9596"]
[Source "DeepChess"]
[SourceDate "2005.01.01"]
[SourceVersion "1"]
[SourceVersionDate "2005.01.01"]
[SourceQuality "1"]
[WhiteTeam "Muenchener SC 1836 e.V."]
[BlackTeam "PSV Turm Duisburg 1920 e.V."]
[WhiteTeamCountry "GER"]
[BlackTeamCountry "GER"]

1. c4 e5 2. g3 Nc6 3. Bg2 g6 4. Nc3 Bg7 5. e4 d6 6. Nge2 f5 7. d3 Nh6 8. h4 Nf7
9. Rb1 O-O 10. Be3 f4 11. gxf4 exf4 12. Nxf4 Nfe5 13. Kd2 Ng4 14. Nce2 Nd4 15.
Nxd4 Bxd4 16. Bxd4 Rxf4 17. f3 c5 18. Bg1 Ne5 19. Bf2 Bg4 20. Be3 Bxf3 21. Bxf3
Rxf3 22. Qg1 Qa5+ 23. Kc2 b5 24. b3 bxc4 25. dxc4 h5 26. Rh2 Ng4 27. Bd2 Qxa2+
28. Rb2 Qa6 29. Rg2 Qc8 30. Qd1 Rf7 31. Bg5 Qe6 32. Kb1 Qxe4+ 33. Ka2 a5 34.
Rge2 Qf5 35. Qxd6 a4 36. b4 cxb4 37. Rxb4 Kh7 38. Qe6 Qf3 39. Qxf7+ Qxf7 40.
Re7 Qxe7 41. Bxe7 Kg7 42. Bc5 Kf6 43. Bd4+ Kf5 1/2-1/2

[Event "Bundesliga 9596"]
[Site "Deutschland"]
[Date "1996.??.??"]
[Round "?.7"]
[White "Prang, Edgar"]
[Black "Lentrodt, Thomas"]
[Result "1/2-1/2"]
[WhiteElo "2335"]
[BlackElo "2265"]
[PlyCount "96"]
[EventDate "1995.10.??"]
[EventType "team"]
[EventRounds "15"]
[EventCountry "GER"]
[SourceTitle "Bundesliga 9596"]
[Source "DeepChess"]
[SourceDate "2005.01.01"]
[SourceVersion "1"]
[SourceVersionDate "2005.01.01"]
[SourceQuality "1"]
[WhiteTeam "PSV Turm Duisburg 1920 e.V."]
[BlackTeam "Muenchener SC 1836 e.V."]
[WhiteTeamCountry "GER"]
[BlackTeamCountry "GER"]

1. d4 Nf6 2. c4 e6 3. Nf3 b6 4. a3 Bb7 5. Nc3 Be7 6. d5 exd5 7. cxd5 O-O 8. e4
Re8 9. Bd3 c6 10. O-O cxd5 11. exd5 d6 12. Bf4 Nbd7 13. Nd4 Nxd5 14. Nxd5 Bxd5
15. Bxh7+ Kf8 16. Nf5 Nf6 17. Qd4 Qd7 18. Rfe1 Be6 19. Nxe7 Rxe7 20. Bc2 Rc8
21. Rac1 Ne8 22. Qd3 Rc5 23. Qh7 Nf6 24. Qh8+ Ng8 25. Bh7 f6 26. Rcd1 Bf7 27.
Rxe7 Qxe7 28. g4 Rd5 29. Rc1 Rc5 30. Rd1 d5 31. Bd3 Qe6 32. h3 d4 33. Bf5 Rxf5
34. gxf5 Qe4 35. Bd6+ Ke8 36. Qxg7 Bd5 37. Kh2 Qe2 38. Qf8+ Kd7 39. Bg3 Qxd1
40. Qd6+ Ke8 41. Qxd5 Ne7 42. Qe6 Qf3 43. Qxf6 Nxf5 44. Qg6+ Ke7 45. Qh7+ Ke6
46. Qg8+ Ke7 47. Qh7+ Ke6 48. Qg8+ Ke7 1/2-1/2

[Event "Bundesliga 9596"]
[Site "Deutschland"]
[Date "1996.??.??"]
[Round "?.8"]
[White "Schmidt, Georg"]
[Black "Kilian, Ralf"]
[Result "1-0"]
[WhiteElo "2130"]
[BlackElo "2210"]
[PlyCount "107"]
[EventDate "1995.10.??"]
[EventType "team"]
[EventRounds "15"]
[EventCountry "GER"]
[SourceTitle "Bundesliga 9596"]
[Source "DeepChess"]
[SourceDate "2005.01.01"]
[SourceVersion "1"]
[SourceVersionDate "2005.01.01"]
[SourceQuality "1"]
[WhiteTeam "Muenchener SC 1836 e.V."]
[BlackTeam "PSV Turm Duisburg 1920 e.V."]
[WhiteTeamCountry "GER"]
[BlackTeamCountry "GER"]

1. e4 e6 2. d4 d5 3. Nc3 Nf6 4. e5 Nfd7 5. f4 c5 6. Nf3 Nc6 7. Be3 cxd4 8. Nxd4
Bc5 9. Qd2 Bxd4 10. Bxd4 a6 11. O-O-O b5 12. h4 Qa5 13. Kb1 Nxd4 14. Qxd4 b4
15. Ne2 Nc5 16. Nc1 Bd7 17. Nd3 Nxd3 18. Bxd3 Rc8 19. f5 exf5 20. e6 fxe6 21.
Qxg7 Rf8 22. g4 fxg4 23. Bxh7 Qc5 24. Qxg4 Kd8 25. h5 Kc7 26. h6 Kb7 27. Bd3
Qe7 28. Qg7 Rf7 29. Qe5 Bb5 30. Bg6 Qf6 31. Qxf6 Rxf6 32. Rdg1 Rh8 33. h7 e5
34. Bd3 Bxd3 35. Rg7+ Kc6 36. cxd3 Rff8 37. Rhg1 Rf6 38. Rh1 Rff8 39. Rh4 a5
40. Kc2 Kd6 41. d4 exd4 42. Kd3 Kc5 43. Rh6 Rf3+ 44. Ke2 Re3+ 45. Kd2 Ree8 46.
b3 Rc8 47. Rhg6 Rc6 48. Rxc6+ Kxc6 49. Rg6+ Kd7 50. Rh6 Ke7 51. Kd3 Kf7 52.
Kxd4 Kf8 53. Ra6 Kg7 54. Ra7+ 1-0

[Event "Bundesliga 9596"]
[Site "Deutschland"]
[Date "1996.??.??"]
[Round "?.1"]
[White "Emms, John M"]
[Black "Hertneck, Gerald"]
[Result "1/2-1/2"]
[WhiteElo "2500"]
[BlackElo "2575"]
[PlyCount "97"]
[EventDate "1995.10.??"]
[EventType "team"]
[EventRounds "15"]
[EventCountry "GER"]
[SourceTitle "Bundesliga 9596"]
[Source "DeepChess"]
[SourceDate "2005.01.01"]
[SourceVersion "1"]
[SourceVersionDate "2005.01.01"]
[SourceQuality "1"]
[WhiteTeam "PSV/BSV Wuppertal 1921 e.V."]
[BlackTeam "Muenchener SC 1836 e.V."]
[WhiteTeamCountry "GER"]
[BlackTeamCountry "GER"]

1. e4 e6 2. d4 d5 3. Nd2 Nf6 4. Bd3 c5 5. e5 Nfd7 6. c3 Nc6 7. Ne2 cxd4 8. cxd4
f6 9. exf6 Qxf6 10. Nf3 h6 11. O-O Bd6 12. Bc2 O-O 13. Be3 Rd8 14. Qd2 Bb4 15.
Qd3 Bd6 16. a3 Nf8 17. Qd2 Bd7 18. Bf4 Be8 19. Bxd6 Rxd6 20. Rfe1 Bg6 21. Rac1
Be4 22. Ne5 Bxc2 23. Nxc6 Rxc6 24. Rxc2 Rac8 25. Rec1 Rxc2 26. Rxc2 Rxc2 27.
Qxc2 a6 28. g3 Qf5 29. Qxf5 exf5 30. Kg2 Kf7 31. Kf3 g5 32. Ke3 Nd7 33. Nc3 Ke6
34. h4 Nf6 35. hxg5 hxg5 36. Na4 Kd6 37. Nc5 Kc6 38. Ne6 Ne4 39. f3 Kd6 40. Nd8
Nxg3 41. Nf7+ Ke7 42. Nxg5 Nh5 43. Nh3 Ng7 44. Nf4 Kd6 45. Kf2 Ne6 46. Nxe6
Kxe6 47. Kg3 Kf7 48. a4 a5 49. Kh4 1/2-1/2

[Event "Bundesliga 9596"]
[Site "Deutschland"]
[Date "1996.??.??"]
[Round "?.2"]
[White "Atlas, Valeri"]
[Black "Conquest, Stuart"]
[Result "1-0"]
[WhiteElo "2440"]
[BlackElo "2540"]
[PlyCount "81"]
[EventDate "1995.10.??"]
[EventType "team"]
[EventRounds "15"]
[EventCountry "GER"]
[SourceTitle "Bundesliga 9596"]
[Source "DeepChess"]
[SourceDate "2005.01.01"]
[SourceVersion "1"]
[SourceVersionDate "2005.01.01"]
[SourceQuality "1"]
[WhiteTeam "Muenchener SC 1836 e.V."]
[BlackTeam "PSV/BSV Wuppertal 1921 e.V."]
[WhiteTeamCountry "GER"]
[BlackTeamCountry "GER"]

1. e4 e5 2. Bc4 Nf6 3. d3 Bc5 4. Nf3 d6 5. c3 O-O 6. Bb3 Nbd7 7. h3 a6 8. Nbd2
Ba7 9. Qe2 Nc5 10. Bc2 Nh5 11. Nf1 f5 12. exf5 Bxf5 13. g4 Nf4 14. Bxf4 exf4
15. O-O-O Bg6 16. h4 Qd7 17. N1h2 Kh8 18. h5 Rae8 19. Qd2 Bf7 20. d4 Ne4 21.
Bxe4 Rxe4 22. Ng5 Ree8 23. Nxf7+ Qxf7 24. Nf3 Qxa2 25. Rhe1 c5 26. d5 c4 27.
Ng5 Qa1+ 28. Kc2 Qa4+ 29. Kb1 f3 30. Ne6 Rf7 31. h6 g6 32. Ng5 Rff8 33. Rxe8
Qxe8 34. Re1 Qd7 35. Re6 Qd8 36. Ne4 Qh4 37. g5 Kg8 38. Nf6+ Rxf6 39. Rxf6 Bxf2
40. Ka2 Qg3 41. Qd1 1-0

[Event "Bundesliga 9596"]
[Site "Deutschland"]
[Date "1996.??.??"]
[Round "?.3"]
[White "Schebler, Gerhard"]
[Black "Pezerovic, Edin"]
[Result "1/2-1/2"]
[WhiteElo "2420"]
[BlackElo "2405"]
[PlyCount "109"]
[EventDate "1995.10.??"]
[EventType "team"]
[EventRounds "15"]
[EventCountry "GER"]
[SourceTitle "Bundesliga 9596"]
[Source "DeepChess"]
[SourceDate "2005.01.01"]
[SourceVersion "1"]
[SourceVersionDate "2005.01.01"]
[SourceQuality "1"]
[WhiteTeam "PSV/BSV Wuppertal 1921 e.V."]
[BlackTeam "Muenchener SC 1836 e.V."]
[WhiteTeamCountry "GER"]
[BlackTeamCountry "GER"]

1. Nf3 Nf6 2. c4 e6 3. g3 d5 4. d4 c6 5. Bg2 Bd6 6. O-O O-O 7. b3 Nbd7 8. Bb2
Re8 9. Nbd2 b6 10. Qc2 Bb7 11. e4 dxe4 12. Nxe4 Nxe4 13. Qxe4 Rb8 14. Qe2 c5
15. dxc5 Bxc5 16. Rad1 Qe7 17. Ng5 Bxg2 18. Kxg2 Nf8 19. Ne4 Rbd8 20. Nxc5 Qxc5
21. Rd3 Rxd3 22. Qxd3 Re7 23. Rd1 Rd7 24. Qf3 Rxd1 25. Qxd1 Qc6+ 26. Qf3 Qxf3+
27. Kxf3 Nd7 28. Ke3 f6 29. f4 Kf7 30. b4 Ke7 31. a4 Kd6 32. Ba3 Kc7 33. Kd4 a6
34. b5 axb5 35. axb5 h5 36. Be7 g6 37. h3 Kc8 38. Bd6 Kb7 39. Ke4 Kc8 40. g4
hxg4 41. hxg4 Kd8 42. f5 gxf5+ 43. gxf5 exf5+ 44. Kxf5 Ne5 45. Bxe5 fxe5 46.
Kxe5 Ke7 47. Kf4 Kd6 48. Ke3 Ke7 49. Kf3 Kd7 50. Ke2 Ke7 51. Ke3 Kd7 52. Kd3
Kc7 53. Kc2 Kd7 54. Kc3 Ke7 55. Kd4 1/2-1/2